Statistics for Taylor Swift - Gorgeous Lyrics

Click here to take the quiz!

General Stats

  • This quiz has been taken 299 times
  • The average score is 360 of 388

Answer Stats

Answer% Correct
a
100%
You
100%
you
100%
(Gorgeous)
99%
gorgeous
99%
I
99%
your
99%
it
98%
so
98%
to
98%
and
97%
And
97%
but
97%
But
97%
can
97%
can't
97%
face
97%
got
97%
look
97%
That
97%
the
97%
way
97%
You're
97%
you're
97%
at
96%
At
96%
mad
96%
make
96%
of
96%
Of
96%
should
96%
'Cause
95%
I'm
95%
me
95%
say?
95%
say
95%
talk
95%
in
94%
take
94%
what
94%
anything
93%
as
93%
her
93%
makes
93%
compliment
92%
feel
91%
hurts)
91%
hurts
91%
If
91%
if
91%
jealous
91%
made
91%
my
91%
think
91%
this
91%
drunk
90%
fun
90%
girlfriend
90%
hate
90%
have
90%
single
90%
than
90%
too
90%
about
89%
consequence
89%
mine
89%
much
89%
actually
88%
back
88%
being
88%
boyfriend
88%
don't
88%
for
88%
honestly
88%
not
88%
strong
88%
us
88%
worse
88%
You've
88%
you've
88%
are
87%
club
87%
here
87%
little
87%
making
87%
older
87%
on
87%
room)
87%
room
87%
sad
87%
doin'
86%
everyone
86%
He's
86%
he's
86%
know
86%
magnetic
86%
blue
85%
by
85%
cats
85%
dark
85%
(Dark
85%
eyes
85%
field
85%
furious
85%
hand
85%
happy
85%
like
85%
talking
85%
turns
85%
come
84%
die
84%
more
84%
nothing
84%
that's
84%
wanna
84%
along?
83%
looking
83%
might
83%
Ocean
83%
drown
82%
home
82%
ice
82%
life
82%
Sunset
82%
There's
82%
ruined
81%
touching
81%
Whisky
81%
sink
80%
Unless
80%
Vine
80%
cool
79%
I'll
79%
just
78%
alone
77%
(Honey
76%
darkened
75%
Guess
75%
stumble
74%

Score Distribution

Percentile by Number Answered

Percent of People with Each Score

Your Score History

You have not taken this quiz